Merged Countries #6 - Statistics

General Stats
  • This quiz has been taken 73,509 times
    69,396 since last reset
  • The average score is 16 of 20
Answers on the Map
Answers color-coded by a green-red scale on the quiz's map according to % correct below.
 
Answer Stats
Merged Countries % Correct
Russia
91%
Finland
88%
Turkey
88%
Syria
85%
Central African Republic
84%
South Sudan
84%
Venezuela
83%
Guyana
81%
Honduras
81%
Nicaragua
81%
Afghanistan
77%
China
76%
Turkmenistan
76%
India
75%
Myanmar
75%
Nigeria
72%
Kyrgyzstan
70%
Benin
69%
Hungary
63%
Slovakia
63%
No matching quizzes found
Score Distribution
Percent of People with Each Score
Percentile by Number Answered
Your Score History
You have not taken this quiz since the last reset